00543nam a22001937a 450000500170000001000130001702000230003003500130005303700090006608200120007510000200008724500500010725000120015726000370016927000670020630000350027350000190030850500220032720181030153049.0 aB-710680 a8171799671c295.00 aB-710680 bGift a611.018 aSingh, Inderbir aTextbook of human histology /cInderbir Singh a4th ed. aNew DelhibJaypee Brothersc2002 aEMCA House, 23/23 B, Ansari Road, DaryaganjbNew Delhie110002 a355p.bill. (col.)c24cm (pbk) aincludes index aWith colour Atlas